Echoes Of Silence Tracklist (The Weeknd) - Statistics

General Stats
  • This quiz has been taken 24 times
  • The average score is 8 of 9
Answer Stats
Hint Answer % Correct
1 D.D.
100%
5 Initiation
100%
4 XO / The Host
100%
9 Echoes Of Silence
92%
2 Montreal
92%
7 The Fall
92%
3 Outside
85%
8 Next
77%
6 Same Old Song
77%
No matching quizzes found
Score Distribution
Percent of People with Each Score
Percentile by Number Answered
Your Score History
You have not taken this quiz